000 00776nam a22002657a 4500
003 CHAP
005 20220329135229.0
008 971013s1967 r 00010 d
010 _a32990
011 _a33962
035 _a38078
040 _cCHAP
082 _a001.6424
_bL6
100 0 0 _aLouden, Robert K.
_968611
245 _aProgramming the IBM 1130 and 1800
260 _aEnglewood Cliffs :
_bPrentice-Hall,
_c1967
300 _a433 p.
_b: ilus.
590 _aBATCH-UPD
_b10
_c20130110
_lUCH01
_h2154
590 _aCONVERSION
_b10
_c20130109
_lUCH01
_h1319
650 1 4 _aIBM 1130 (Computadora)
_957220
650 1 4 _aIBM 1800 (Computadora)
_957223
901 _aBK
942 _cLIBRO
949 _a001.6424 L6
_bBC
_cLIBRO
_d33724000292876
_eLIBRO
_h29719
_i38078
_si
_t85.00
999 _c32990
_d32990